Operations management : (Record no. 58761)

MARC details
000 -LEADER
fixed length control field 00621 a2200193 4500
008 - FIXED-LENGTH DATA ELEMENTS--GENERAL INFORMATION
fixed length control field 231023b ||||| |||| 00| 0 eng d
020 ## - INTERNATIONAL STANDARD BOOK NUMBER
International Standard Book Number 9781119668176
050 ## - LIBRARY OF CONGRESS CALL NUMBER
Classification number TS155
Item number .R45 2020
100 ## - MAIN ENTRY--PERSONAL NAME
Personal name Reid, R. Dan
245 ## - TITLE STATEMENT
Title Operations management :
Remainder of title an integrated approach /
Statement of responsibility, etc R. Dan Reid, Nada R. Sanders.
250 ## - EDITION STATEMENT
Edition statement Eighth Edition.
260 ## - PUBLICATION, DISTRIBUTION, ETC. (IMPRINT)
Name of publisher, distributor, etc Wiley
Date of publication, distribution, etc 2020
Place of publication, distribution, etc Hoboken, NJ :
300 ## - PHYSICAL DESCRIPTION
Extent xxii,63o p. ;
Dimensions 32 cm.
500 ## - GENERAL NOTE
General note Revised edition of the authors' Operations management, 2019.
500 ## - GENERAL NOTE
General note Includes index.
650 ## - SUBJECT ADDED ENTRY--TOPICAL TERM
Topical term or geographic name as entry element Production management.
700 ## - ADDED ENTRY--PERSONAL NAME
Personal name Sanders, Nada R.,
942 ## - ADDED ENTRY ELEMENTS (KOHA)
Item type Book
Source of classification or shelving scheme Library of Congress Classification
Holdings
Withdrawn status Lost status Source of classification or shelving scheme Damaged status Not for loan Collection code Home library Current library Shelving location Date acquired Source of acquisition Cost, normal purchase price Full call number Barcode Date last seen Copy number Price effective from Koha item type
    Library of Congress Classification     Non-fiction Bishop Okullu Memorial Library (Limuru Campus) Bishop Okullu Memorial Library (Limuru Campus) General Circulation 23/10/2023 Purchase 6800.00 TS155 .R45 2020 070358 23/10/2023 1 23/10/2023 Book